000 00309nam a2200109 4500
999 _c14331
_d14331
008 190912b ||||| |||| 00| 0 eng d
245 _aDDC: where topnotchers come from.
260 _aDavao City:
_bSun Star Davao;
_cc2019.
300 _apage S3.
650 0 _939531
_aLicensure- Examinations.
942 _2ddc
_cPER